000 01418cam a22003857a 4500
003 CHAP
005 20220329135621.0
008 971013s1977 r 00010 d
010 _a39370
011 _a40342
035 _a44467
040 _cCHAP
090 _aTesis
100 0 0 _aEstrada Ligorria, Luis Alberto Pablo.
_938400
245 1 3 _aEl agrosistema, un método práctico y preciso para diseñar tecnología de producción para el cultivo de maíz bajo condiciones de temporal en la parte sur del estado de Tlaxcala...
260 _aChapingo, Méx. :
_bEl autor,
_c1977
300 _a149 p.
_b; gráfs.
502 _aTesis (M. C. Esp. en Suelos) -- ENA. Colegio de Postgraduados. Rama de Suelos
590 _aALEPH
_b10
_c20130110
_lUCH01
_h1307
590 _aBATCH-UPD
_b10
_c20130110
_lUCH01
_h1033
590 _aBATCH-UPD
_b10
_c20130410
_lUCH01
_h0635
590 _aBATCH-UPD
_b10
_c20130913
_lUCH01
_h2145
590 _aCONVERSION
_b10
_c20130109
_lUCH01
_h1322
650 1 4 _aAgricultura de temporal.
_91999
650 1 4 _aFertilizantes para maíz.
_940625
650 1 4 _aMaíz
_xRendimiento.
_971051
650 1 4 _aMaíz
_xTlaxcala.
_971071
650 1 4 _aPlan Tlaxcala.
_988681
650 1 4 _aSuelos
_zTlaxcala.
_9110529
901 _aBK
942 _cFOLL
949 _bBC
_cTES
_d-101839
_eTS1
_i44467
_si
949 _bBC
_cTES
_d-101841
_eTS2
_fc.2
_i44467
_si
949 _bBC
_cTES
_d-101842
_eTS2
_fc.3
_i44467
_si
999 _c39370
_d39370